Popularne albumy rap/trap tygodnia 04-10.06 - Statystyki

Ogólne statystyki
  • Ten quiz został rozwiązany 8 razy
  • Średni wynik to 8 z 15
Statystyki odpowiedzi
Wykonawca Data Wydania Album % Poprawnych
Oki, Young Igi, Otsochodzi 7 maja 2021 OIO
88%
Mata 17 stycznia 2020 100 dni do matury
63%
Białas & White 2115 7 maja 2021 Diamentowy Las
63%
Bedoes & Lanek 29 listopada 2019 Opowieści Z Doliny Smoków
63%
Sobel 16 kwietnia 2021 Pułapka Na Motyle
63%
PRO8L3M 30 marca 2021 Fight Club
50%
Guzior 4 grudnia 2020 PLEŚŃ
50%
Bedoes & Lanek 15 stycznia 2021 Rewolucja Romantyczna
50%
White 2115 28 sierpnia 2020 Rockstar: Do Zachodu Słońca
50%
Quebonafide 2 kwietnia 2020 Romantic Psycho
50%
Żabson 1 lutego 2021 Ziomalski Mixtape
50%
Kizo 23 października 2020 Posejdon
38%
Avi & Louis Villain 21 maja 2021 Akademia Sztuk Pięknych
25%
Sobel 25 czerwca 2020 Kontrast
25%
Chivas 21 maja 2021 Nauczyłem się przeklinać
25%
Nie znaleziono quizów pasujących do podanych kryteriów
Rozkład punktacji
Procent ludzi z każdym wynikiem
Percentyl według liczby udzielonych odpowiedzi
Twoja historia wyników
Nie rozwiązałeś tego quizu